Detalles MARC
| 000 -LEADER |
| longitud fija campo de control |
02176nam a22005897a 4500 |
| 003 - IDENTIFICADOR DE NUMERO DE CONTROL |
| control del campo |
AR-RoUNA |
| 005 - FECHA DE LA ULTIMA MODIFICACION |
| control del campo |
20260507123104.0 |
| 008 - CAMPO DE CONTROL - LIBROS |
| longitud fija campo de control |
260507b |||||||| |||| 00| 0 spa d |
| 020 ## - INTERNATIONAL STANDARD BOOK NUMBER |
| ISBN |
8423945006 (obra completa) |
| 020 ## - INTERNATIONAL STANDARD BOOK NUMBER |
| ISBN |
8423945685 |
| 040 ## - ORIGEN DE LA CATALOGACION |
| Agencia que cataloga la obra original |
AR-RoUNA |
| Idioma en que se cataloga |
spa |
| Entidad que modifico el registro |
AR-RoUNA |
| 041 ## - CODIGO DE IDIOMA |
| Codigo de idioma del texto / sonido o titulo separado |
spa |
| Codigo de idioma de la traduccion original y / o intermedios de texto |
spa |
| 044 ## - CODIGO DE PAIS / ENTIDAD PRODUCTORA |
| Codigo MARC del pais |
ag |
| 245 10 - TITULO PROPIAMENTE DICHO |
| Titulo |
Enciclopedia Universal Ilustrada. |
| Subtitulo |
Europeo-Americana / |
| Mencion de responsabilidad, etc |
Espasa-Calpe S.A |
| Numero de la parte / seccion de una obra |
Tomo 68 |
| 260 ## - EDITORIAL - PUBLICACION, DISTRIBUCION, ETC. (Pie de imprenta) |
| Lugar de publicacion, distribucion, etc |
Madrid : |
| Nombre del editor, distribuidor, etc |
Espasa-Calpe, |
| Fecha de publicacion |
1979 |
| 300 ## - DESCRIPCION FISICA |
| Extension |
1689 p.: |
| Otros detalles fisicos |
fot. col., |
| Dimensiones |
25x17 cm |
| 490 ## - MENCION DE SERIE |
| Titulo de la serie |
Espasa-Calpe |
| 500 ## - NOTA GENERAL |
| Nota general |
Tomo 68 / VERR-VINIE |
| 505 0# - NOTA DE CONTENIDO CON FORMATO |
| Título |
CONTENIDO |
| 505 0# - NOTA DE CONTENIDO CON FORMATO |
| Título |
Verrocchio (Andres de Michele Cione) p.8 |
| 505 0# - NOTA DE CONTENIDO CON FORMATO |
| Título |
Versalles. (Plano) p.32 |
| 505 0# - NOTA DE CONTENIDO CON FORMATO |
| Título |
Mapa de Vesubio p.208 |
| 505 0# - NOTA DE CONTENIDO CON FORMATO |
| Título |
Vicenza. (Plano) p.552 |
| 505 0# - NOTA DE CONTENIDO CON FORMATO |
| Título |
S. M La Reina Victoria Eugenia de España p.632 |
| 505 0# - NOTA DE CONTENIDO CON FORMATO |
| Título |
Vich. (Plano) p.656 |
| 505 0# - NOTA DE CONTENIDO CON FORMATO |
| Título |
Vichv. (Plano) p.664 |
| 505 0# - NOTA DE CONTENIDO CON FORMATO |
| Título |
Vid. (Enfermedades de la) I y II p.672 |
| 505 0# - NOTA DE CONTENIDO CON FORMATO |
| Título |
Vidal y Quadras. (Jose Maria) p.768 |
| 505 0# - NOTA DE CONTENIDO CON FORMATO |
| Título |
Vidriera. I y II p.792 |
| 505 0# - NOTA DE CONTENIDO CON FORMATO |
| Título |
Vidriera. III p.800 |
| 505 0# - NOTA DE CONTENIDO CON FORMATO |
| Título |
Vidrios artísticos I p.816 |
| 505 0# - NOTA DE CONTENIDO CON FORMATO |
| Título |
Vidrios artísticos II p.832 |
| 505 0# - NOTA DE CONTENIDO CON FORMATO |
| Título |
Vidrios artísticos III p.848 |
| 505 0# - NOTA DE CONTENIDO CON FORMATO |
| Título |
Vidrios artísticos IV p.848 |
| 505 0# - NOTA DE CONTENIDO CON FORMATO |
| Título |
Viena. (Plano) p.1024 |
| 505 0# - NOTA DE CONTENIDO CON FORMATO |
| Título |
Viena. I y II p.1040 |
| 505 0# - NOTA DE CONTENIDO CON FORMATO |
| Título |
Vigée-Le Brun (Maria Luisa Isabel) p.1112 |
| 505 0# - NOTA DE CONTENIDO CON FORMATO |
| Título |
Vigo. (Plano) p.1152 |
| 505 0# - NOTA DE CONTENIDO CON FORMATO |
| Título |
Vilna. (Plano) p.1256 |
| 505 0# - NOTA DE CONTENIDO CON FORMATO |
| Título |
Villafranca del Panadés (Plano) p.1360 |
| 505 0# - NOTA DE CONTENIDO CON FORMATO |
| Título |
Villarreal. (Plano) p.1504 |
| 505 0# - NOTA DE CONTENIDO CON FORMATO |
| Título |
Vincennes. (Plano) p.1656 |
| 505 0# - NOTA DE CONTENIDO CON FORMATO |
| Título |
Viniegas. (Salvador) p.1686 |
| 520 3# - NOTA DE RESUMEN |
| Nota de resumen, etc. |
Enciclopedia universal ilustrada europeo-americana : etimologías sánscrito, hebreo, griego, latín, árabe, lenguas indígenas americanas, etc.; versiones de la mayoría de las voces en francés, italiano, inglés, alemán, portugués, catalán, esperanto |
| 650 #4 - MATERIA - TERMINO TEMATICO |
| Término temático general |
Enciclopedias |
| General subdivision |
Dicccionarios |
| 650 #4 - MATERIA - TERMINO TEMATICO |
| Término temático general |
Educacion |
| 908 ## - SOPORTE |
| Soporte |
Imp |
| 930 ## - ACCESION |
| Numero de accesion (NR) |
4040 |
| 942 ## - FUENTE DE CLASIFICACION |
| Clasificacion |
Dewey Decimal Classification |
| Tipo de item |
Libro |
| 945 ## - INFORMACION DE PROCESAMIENTO |
| Codigo del operador |
MIA |
| Fecha de ingreso o modificacion |
2026-05-07 |
| 980 ## - DECLARACIÓN DE EQUIVALENCIA O SERIE DE REFERENCIA CRUZADA - NOMBRE / TÍTULO PERSONAL [LOCAL, CANADÁ] |
| Código del operador |
1 |
| Nombre del operador |
Maricel Allasia |
| Código del operador que modifico el registro |
1 |
| Nombre del operador que modifico el registro |
Maricel Allasia |